00593nam a2200181 a 4500020002400000082001800024100002500042245005600067260004400123300000900167500003500176505002000211650002600231700002500257942000700282952010500289999001700394 a9780195127188 00a954.0256bTHA aThackston, Wheeler M aJahangirnama: Memoirs of Jahangir, Emperor of India aLondan bOxford University Press c1999 a502p aincludes index and biblioraphy2 aNotes, Glossary aMughal India-Jahangir1 aThackston, Wheeler M cBK 00104070aHMIbHMIcREFd2018-11-16g1495.00l0o954.0256 THAp019395r2007-04-04w2026-01-16yBK c12399d12399